Responses for Show #6339 - Thursday, March 22, 2012

Contestants

[<< previous game]

Nancy Nakayama, a lawyer and aspiring grant writer from Seattle, Washington

Nick Bulum, a newspaper insert writer and designer from Long Beach, California

Cathy Guiles, a copy editor originally from Baltimore, Maryland (whose 1-day cash winnings total $14,600)

[next game >>]

Jeopardy! Round responses

HUNGER GAMES
MED. ABBREV.
A MATTER OF HOURS
HOW THE WEST WAS SPUN
HOBBIES
THE VERSATILE "O-U-G-H"
    $200 16
Hell's Kitchen

Nancy
    $200 21
defibrillator

Cathy
    $200 26
8 hrs

Nick
    $200 3
gunfight at the O.K. Corral (shootout ... accepted)

Nancy
    $200 7
birdwatching

Nick
    $200 1
the rough

Cathy
    $400 17
Top Chef

Cathy
    $400 22
dose

Cathy
    $400 27
3 hrs

Triple Stumper
    $400 12
Frank James

Nick
    $400 8
(Nancy: What are puppets?)
(Alex: Be more specific.)
(Nancy: What are Indonesian shadow puppets?)

marionettes or string puppets

Nancy
Triple Stumper
    $400 2
boughs

Nick
    $600 18
Iron Chef

Nancy
    $600 23
the aorta

Cathy
    $600 28
[The end of round signal sounds]

48 Hours

Nick
    $600 13
(Wild Bill) Hickok

Nick
    $600 9
scuba diving

Cathy
    $600 4
dough

Nick
    $800 19
food trucks

Nick
    $800 24
a beta-blocker

Cathy
    $800 14
Billy the Kid

Nick
    $800 10
reenactors

Nick
    $1,000 5
a borough

Nick
    $1000 20
Chopped

Nancy
    $1000 25
(Cathy: What are temperature, pulse and heart rate?)

temperature, pulse and respiration

CathyNancy
    $1000 15
Judge Roy Bean

Triple Stumper
    $1000 11
flowers

Nancy
    $1000 6
a trough

Nick

Scores at the first commercial break (after clue 15):

Cathy Nick Nancy
$800 $5,800 $800

Scores at the end of the Jeopardy! Round:

Cathy Nick Nancy
$2,200 $7,400 $3,600

Double Jeopardy! Round responses

HISTORIANS
RECENT MOVIES
COMPOUND WORDS
COME UP TO THE LAB
PORTRAITS
TAKE ME TO THE NEAREST U.S. EMBASSY
    $400 23
Paris

Triple Stumper
    $400 1
The Three Musketeers

Nick
    $400 6
checkmate

Nancy
    $400 17
a cylinder

Nick
    $400 18
(Frida) Kahlo

Nick
    $400 11
(Nancy: What is Taipei?)
(Cathy: What is Vietnam?)
(Nick: What is Ho Chi Minh City?)

Hanoi

CathyNickNancy
Triple Stumper
    $800 24
(Nancy: What is Philosophy?)

Civilization

Nancy
Triple Stumper
    $800 2
The Muppets

Cathy
    $800 7
a speakeasy

Cathy
    $800 19
(James) Whistler

Nancy
    $1,200 12
Cairo

Nancy
    $1200 25
(Nick: Who is Josephus?)

Herodotus

Nick
Triple Stumper
    $1200 3
Footloose

Nick
    $1200 8
snapdragons

Nancy
    $1200 16
distillation

Triple Stumper
    $1200 20
(Claude) Monet

Nancy
    $1200 13
Athens

Triple Stumper
    $1600 26
Arthur Schlesinger, Jr.

Triple Stumper
    $1600 4
Spy Kids

Cathy
    $2,500 9
(Nancy: What is downsize?)

downgrade

Nancy
    $1600 21
(Toulouse-)Lautrec

Nancy
    $1600 14
(Nick: What is Jerusalem?)

Kampala

Nick
Triple Stumper
    $2000 27
[The end of round signal sounds]

Stephen Ambrose

Triple Stumper
    $2000 5
Edward de Vere

Triple Stumper
    $2000 10
a whirlwind

Triple Stumper
    $2000 22
(Nancy: What is van Eyck?)

van Dyck

Nancy
Triple Stumper
    $2000 15
Caracas

Cathy

Scores at the end of the Double Jeopardy! Round:

Cathy Nick Nancy
$7,000 $6,600 $4,300

[wagering suggestions for these scores]

Final Jeopardy! Round responses

STATE NICKNAMES
(Alex: [To Nancy] "I'm from [*], you have to show me.")
NancyWhat is Missouri?
$1,901
NickWhat is Missouri?
$2,001
CathyWhat is Missouri?
$6,201
Missouri

Final scores:

Cathy Nick Nancy
$13,201 $8,601 $6,201
2-day champion: $27,801 2nd place: $2,000 3rd place: $1,000

Game dynamics:

Coryat scores:

Cathy Nick Nancy
$7,000 $6,400 $6,400
11 R,
2 W
16 R
(including 1 DD),
3 W
12 R
(including 1 DD),
5 W
(including 1 DD)

Combined Coryat: $19,800

[game clues] [game scores] [suggest correction]

Game tape date: 2011-12-06
The J! Archive is created by fans, for fans. Scraping, republication, monetization, and malicious use prohibited; this site may use cookies and collect identifying information. See terms. The Jeopardy! game show and all elements thereof, including but not limited to copyright and trademark thereto, are the property of Jeopardy Productions, Inc. and are protected under law. This website is not affiliated with, sponsored by, or operated by Jeopardy Productions, Inc. Join the discussion at JBoard.tv.